Sports Quiz

Random Sports or NBA Quiz

Most NBA Playoff Points per Decade Quiz Stats

Quiz Updated Jun 13, 2017

Challenge
Share
Tweet
Embed
Score 0/60 Timer 10:00
7 Plays Today
Points Player % Correct
2010sLeBron James
98.7%
2000sLeBron James
98.7%
1990sMichael Jordan
97.8%
2000sKobe Bryant
96.9%
2000sShaquille O'Neal
92.1%
1990sShaquille O'Neal
92.1%
1980sMagic Johnson
91.3%
1980sLarry Bird
90.7%
2010sTim Duncan
90.5%
2000sTim Duncan
90.5%
1980sDennis Johnson
90.4%
2010sDwyane Wade
89.6%
2010sStephen Curry
88.9%
1970sJerry West
87.7%
1960sJerry West
87.7%
1990sScottie Pippen
85.8%
2010sKevin Durant
85.3%
1990sKarl Malone
84.9%
1980sMoses Malone
84.6%
1980sKareem Abdul-Jabbar
84%
1970sKareem Abdul-Jabbar
84%
1960sWilt Chamberlain
82.3%
2010sTony Parker
80.6%
2000sTony Parker
80.6%
1990sHakeem Olajuwon
77.2%
2000sDirk Nowitzki
76.4%
2010sPaul Pierce
76.1%
1960sBill Russell
74.8%
2000sAllen Iverson
73.8%
2010sRussell Westbrook
72.7%
Points Player % Correct
1990sPatrick Ewing
71.4%
1990sCharles Barkley
70.1%
2010sJames Harden
69.1%
2010sKlay Thompson
67.7%
1980sKevin McHale
65.1%
1980sJulius Erving
62.7%
1990sClyde Drexler
62.4%
1980sJames Worthy
58.1%
1990sReggie Miller
57.2%
1970sJohn Havlicek
56.5%
1960sJohn Havlicek
56.5%
1980sRobert Parish
54.1%
1960sElgin Baylor
54%
2000sChauncey Billups
52.7%
1960sSam Jones
50.9%
2000sRasheed Wallace
49.5%
2000sRichard Hamilton
46.5%
1960sBob Pettit
38.2%
1970sWalt Frazier
36.2%
1970sRick Barry
36.2%
1970sElvin Hayes
36.1%
1970sDave Cowens
28.3%
1980sByron Scott
23.1%
1970sEarl Monroe
22.9%
1970sJo Jo White
22.3%
1960sTom Heinsohn
19.2%
1990sJeff Hornacek
15.7%
1960sHal Greer
15.1%
1970sBob Dandridge
7.6%
1960sBailey Howell
3.7%

You're not logged in!

Compare scores with friends on all Sporcle quizzes.
Sign Up with Email
OR
Log In

You Might Also Like...

Show Comments

Extras

Top Quizzes Today


Score Distribution

Your Account Isn't Verified!

In order to create a playlist on Sporcle, you need to verify the email address you used during registration. Go to your Sporcle Settings to finish the process.

Report this User

Report this user for behavior that violates our Community Guidelines.

Details: